The Legend of Zelda - Items/Gear - Statistics

General Stats
  • This quiz has been taken 41 times
  • The average score is 12 of 27
Answer Stats
Answer % Correct
Bombs
89%
Bow
89%
Boomerang
79%
Arrows
75%
Raft
61%
Step Ladder
57%
Wooden Sword
57%
Blue Ring
54%
Magical Sword
54%
Red Ring
54%
Triforce of Wisdom
54%
White Sword
54%
Silver Arrow
46%
Blue Candle
39%
Red Candle
39%
Magical Boomerang
36%
Magical Shield
36%
Recorder
32%
Food
29%
Letter
25%
Magical Key
25%
Magical Rod
25%
Small Shield
25%
Power Bracelet
14%
Book of Magic
11%
2nd Potion
7%
Life Potion
7%
No matching quizzes found
Score Distribution
Percent of People with Each Score
Percentile by Number Answered
Your Score History
You have not taken this quiz